1. FC Köln – Wie gut kennst du den Effzeh? - Statistiken

Allgemein
  • Dieses Quiz wurde 254 mal gespielt
  • Das Durchschnittsergebnis liegt bei 10 aus 15
Antwortstatistiken
Frage Antwort % Korrekt
Wie heißt das Maskottchen des 1. FC Köln? Hennes
100%
Wie oft hat der FC den DFB-Pokal gewonnen? 4 Mal
96%
Wie oft wurde der 1. FC Köln Deutscher Meister? 3 Mal (1962, 1964, 1978)
95%
In welchem Stadion trägt der 1. FC Köln seine Heimspiele aus? RheinEnergieStadion
93%
Welcher ehemalige Nationalspieler gilt als Identifikationsfigur des FC und wurde in Köln geboren? Lukas Podolski
89%
Wie heißt das jährlich erscheinende Sondertrikot, das sich an der „fünften Jahreszeit“ orientiert? Karnevalstrikot
83%
Wie heißt das Trainingsgelände des 1. FC Köln? Geißbockheim
76%
Welcher österreichische Trainer führte Köln 2017 in den Europapokal? Peter Stöger
75%
Wie lautet der Spitzname des 1. FC Kölns? Effzeh
70%
Wie heißt der aktuelle Hennes (Stand: 2024/2025)? Hennes IX
70%
Welcher Stürmer feierte in Köln große Erfolge und machte mit einem Tänzchen Schlagzeilen? Anthony Modeste
69%
Gegen welchen Verein bestritt Köln 2017 sein erstes Europa-League-Spiel nach 25 Jahren? Arsenal FC
60%
Welcher Köln-Spieler erzielte das erste Bundesliga-Tor der Geschichte? Wolfgang Overath
25%
Mit welchem Klub fusionierte der FC 1948 zur Vereinsgründung? Kölner BC
14%
Wie heißt das bekannte FC-Fangesang mit der Zeile „Denn mir sin nur die eine Liebe“? Mer stonn zo dir, FC Kölle
10%
Keine übereinstimmenden Quizze gefunden
Verteilung der Resultate
Anzahl Personen mit jedem Resultat
Perzentil nach korrekt beantworteten Fragen
Ihre Resultats-Entwicklung
Sie haben dieses Quiz noch nicht gespielt